| 000 | 00360nam a2200133Ia 4500 | ||
|---|---|---|---|
| 008 | 231017s9999 xx 000 0 und d | ||
| 082 | _a625.85 | ||
| 082 | _bTRB | ||
| 245 | 0 | _aTransportation Research Circular No. E-C105 September 2006: Factors Affecting Compaction of Asphalt Pavements | |
| 245 | 0 | _cTRB | |
| 260 | _bTRB | ||
| 300 | _c30cm | ||
| 942 | _cREP | ||
| 999 |
_c604489 _d604489 |
||